000 00414nam a22001577a 4500
008 250520b |||||||| |||| 00| 0 eng d
020 _a9781506361161
050 _aHA29
_b.S35 2017
100 _aSalkind J. Neil
245 _aStatistics For People Who Hate Statistics
250 _a6th
260 _aCalifornia
_bSage
_c2017
300 _axxix, 519p. 25.5cm:
_billustration;
650 _aStatistics
942 _cBK
999 _c3573
_d3573